| 000 | 00435nam a22001697a 4500 | ||
|---|---|---|---|
| 999 |
_c523962 _d523962 |
||
| 003 | NUST | ||
| 038 | _aSaba | ||
| 082 |
_a575.8 _bAHM |
||
| 100 |
_aAhmad, Mahmood _914789 |
||
| 245 |
_aNazria irtqa _cMahmood Ahmad / |
||
| 260 |
_aIslamabad : _bMaqtadara qoumi zaban , _c2007. |
||
| 300 | _a627 p. ; | ||
| 500 | _aHardcover | ||
| 880 |
_6100-02\r _aمحمود احمد |
||
| 880 |
_6245-02\r _aنظریہ ارتقا |
||
| 942 |
_2ddc _cBK |
||